Statistics for Maple Leafs 2015-2019 Draft Picks

Click here to take the quiz!

General Stats

  • This quiz has been taken 7 times
  • The average score is 19 of 42

Answer Stats

Draft YearDraft RoundOverallPositionAnswer% Correct
2016362GJoseph Woll
100%
201514RWMitch Marner
100%
2019253LWNick Robertson
100%
2018129DRasmus Sandin
100%
2018252DSean Durzi
100%
2017117DTimothy Liljegren
100%
201611CAuston Matthews
75%
2015261RWJeremy Bracco
75%
20197204DKalle Loponen
75%
20195146DMike Koster
75%
2019384DMikko Kokkonen
75%
20194124CNick Abruzzese
75%
20177203DRyan O'Connell
75%
20174124LWVladislav Kara
75%
2016492CAdam Brooks
50%
2016257RWCarl Grundstrom
50%
2016231LWEgor Korshkov
50%
20185149DFilip Kral
50%
20174110GIan Scott
50%
2016372DJ.D. Greenway
50%
20184118DMac Hollowell
50%
20167182LWNikolai Chebykin
50%
20176172CRyan McGregor
50%
20187211RWSemyon Kizimov
50%
2015234DTravis Dermott
50%
20165122LWVladimir Bobylev
50%
20166179DNicolas Mattinen
25%
20186156CPontus Holmberg
25%
2018376CSemyon Der-Arguchintsev
25%
20187209GZachary Bouthillier
25%
2015365DAndrew Nielsen
0%
20155125LWDmytro Timashov
0%
2017259DEemili Rasanen
0%
20175141DFedor Gordeev
0%
20166152LWJack Walker
0%
2015495DJesper Lindgren
0%
20164101DKeaton Middleton
0%
2015368RWMartins Dzierkals
0%
20194115CMikhail Abramov
0%
20157185RWNikita Korostelev
0%
2018383CRiley Stotts
0%
20156155DStephen Desrocher
0%

Score Distribution

Percentile by Number Answered

Percent of People with Each Score

Your Score History

You have not taken this quiz